000 00549nam a2200229Ia 4500
003 OSt
005 20220924142808.0
006 a|||||r|||| 00| 0
007 ta
008 ASM
024 _a303333
037 _cTextual
040 _aARTS
_cARTS
_bASM
041 _2ASM
_aASM
082 _aO158,3NKA, P4
100 _aKalita Arupa Patangia
_9214082
245 0 _aFelanee
260 _c2004
650 _aASSAMESE LITERATURE
_911738
942 _hO158,3NKA, P4
_cTEXL
_2CC
999 _c451992
_d451992